Sporcle Original Six Quiz Stats

 Plays Quiz Updated Jan 30, 2018

Challenge
Share
Tweet
Embed
Score 0/6 Timer 03:00
2 Plays Today
Quiz % Correct
Countries of Europe
88.9%
U.S. States
86.2%
U.S. Presidents
58.6%
U.S. Capitals
44.1%
Super Bowl Winners
10.8%
Shakespeare Plays
8.5%

You're not logged in!

Compare scores with friends on all Sporcle quizzes.
OR
Log In

You Might Also Like...

Show Comments

Extras

Top Quizzes Today


Score Distribution

Your Account Isn't Verified!

In order to create a playlist on Sporcle, you need to verify the email address you used during registration. Go to your Sporcle Settings to finish the process.

Report this User

Report this user for behavior that violates our Community Guidelines.

Details: